000 00676nam a2200241Ia 4500
003 OSt
005 20221005100112.0
006 a|||||r|||| 00| 0
007 ta
008 221004b |||||||| |||| 00| 0 mar d
024 _a40932
037 _cTextual
040 _aCRL
_cCRL
_bmar
041 _2mar
_amar
082 _aV236,64, 155K2
100 _aPatil Dinkar Ramchander Au.
_9620715
245 0 _aMharastrachey navye panchat rajya
260 _aPune
_bNav Maharasthra prakashan India
_c1962
300 _a134p.
_ccm.
650 _aHISTORY
942 _hV236,64, 155K2
_cTEXL
_2cc
999 _c1004666
_d1004666